Động lực học kết cấu cơ khí

محفوظ في:
التفاصيل البيبلوغرافية
المؤلف الرئيسي: NGUYỄN TUẤN KIỆT
التنسيق: كتاب
اللغة:Undetermined
منشور في: Tp HCM ĐHQG 2002
الموضوعات:
الوسوم: إضافة وسم
لا توجد وسوم, كن أول من يضع وسما على هذه التسجيلة!
Thư viện lưu trữ: Trung tâm Học liệu Trường Đại học Cần Thơ
LEADER 00510nam a2200169Ia 4500
001 CTU_48825
008 210402s9999 xx 000 0 und d
082 |a 620.104 
082 |b K308 
100 |a NGUYỄN TUẤN KIỆT 
245 0 |a Động lực học kết cấu cơ khí 
245 0 |c NGUYỄN TUẤN KIỆT 
260 |a Tp HCM 
260 |b ĐHQG 
260 |c 2002 
650 |a dynamics,mechanics,mechanical engineering 
980 |a Trung tâm Học liệu Trường Đại học Cần Thơ